000 00487cam a22001934a 4500
005 20250605164024.0
008 250528s ||||||||||||||||||||||||d
035 _a16463
020 _a9603445460
040 _aGR-AtMCL
_bgre
_dGR-AtMCL
_eAACR2
245 1 _aΟ Πυρετός της Μπάλας
250 _a
260 _bΕλληνικά Γράμματα,
_c1999
300 _a392
700 1 _aHornby Nick
_92560
942 _cBK
999 _c1961
_d1961